[Event "Toronto op"]
[Site "Toronto"]
[Date "1998.05.16"]
[Round "4"]
[White "Shabalov, Alexander"]
[Black "Chow, Albert"]
[Result "1-0"]
[WhiteElo "2615"]
[BlackElo "2330"]
[PlyCount "73"]
[EventDate "1998.05.14"]
[EventType "swiss"]
[EventRounds "9"]
[EventCountry "CAN"]
[SourceTitle "CBM 065 Extra"]
[Source "ChessBase"]
[SourceDate "1998.09.09"]
[SourceVersion "1"]
[SourceVersionDate "1998.09.09"]
[SourceQuality "1"]

1. e4 c5 2. Nf3 Nc6 3. d4 cxd4 4. Nxd4 Nf6 5. Nc3 e5 6. Ndb5 d6 7. Bg5 a6 8. Na3 b5 9. Nd5 Be7 10. Bxf6 Bxf6 11. c3 0-0 12. Nc2 Bg5 13. a4 bxa4 14. Rxa4 a5 15. Bc4 Rb8 16. b3 Kh8 17. 0-0 f5 18. exf5 Bxf5 19. Nce3 Bg6 20. Bd3 Bf7 21. Be4 Bxe3 22. Nxe3 Ne7 23. c4 Qb6 24. Ra3 Rfc8 25. Qg4 h6 26. Rd1 Rc7 27. h4 Qb4 28. Ra4 Qc5 29. Rda1 Ra7 30. Qd1 Be8 31. R4a2 Nc6 32. Nf5 Nd4 33. Nxd4 exd4 34. Rd2 a4 35. bxa4 Rb4 36. Rxd4 Raxa4 37. Rc1 1-0